| 000 | 00795nam a22002057a 4500 | ||
|---|---|---|---|
| 999 |
_c8187 _d8187 |
||
| 003 | AR-CdUCM | ||
| 008 | 190322b ||||| |||| 00| 0 spa d | ||
| 040 |
_aMUNICIPALIDAD PROVINCIAL DEL CUSCO _cBIBLIOTECA MUNICIPAL DEL CUSCO |
||
| 082 |
_a629.143 / _bM32 |
||
| 100 |
_aMay, Julián _923082 |
||
| 245 | _aEn el mundo de los cohetes / | ||
| 260 |
_aMéxico : _bAgencia para el desarrollo internacional, _c1965. |
||
| 300 |
_a177 páginas ; _bIlustraciones, _c22 cm. |
||
| 505 | _aEra un platillo volante -- La pista de un cohete -- Los coheteros -- Algo mas que un simple ruido -- Destino: el espacio exterior ... | ||
| 650 |
_aViajes interespaciales _923083 |
||
| 650 |
_aAeronáutica _919864 |
||
| 710 |
_aCentro regional de ayuda internacional _923084 |
||
| 942 |
_2ddc _cLIBROS |
||
| 945 | _aacv | ||